Repeated Words in Song Titles - Lyrics Quiz - Statistics

General Stats
  • This quiz has been taken 79 times
  • The average score is 7 of 18
Answer Stats
Lyrics Song % Correct
Must be funny in a rich man's world M{oney} M{oney} M{oney}
90%
I'm gonna do it to you, do it sweet banana, you'll never give up H{i} H{i} H{i}
85%
Oh honey honey, you are my candy girl S{ugar} S{ugar}
80%
Every other day of the week is fine yeah M{onday} M{onday}
78%
You've got your mother in a whirl, she's not sure if you're a boy or a girl R{ebel} R{ebel}
45%
A time of love, a time of hate, a time of war, a time of peace T{urn} T{urn} T{urn}
38%
Well she got her daddy's car and she cruised through the hamburger stand now F{un} F{un} F{un}
37%
Now go go go where you want, but don't leave me here forever S{ay} S{ay} S{ay}
33%
Won't somebody help me chase the shadows away? G{imme} G{imme} G{imme}
32%
My grandma and your grandma were sitting by the fire I{ko} I{ko}
30%
Once there was a kid who got into an accident and couldn't come to school M{mm} M{mm} M{mm} M{mm}
27%
You got me tossin' turnin' in the night, and I feel alright M{ony} M{ony}
15%
Friday night and I need a fight, my motorcycle and a switchblade knife G{irls} G{irls} G{irls}
13%
Three days and nights I sailed the sea, me think of girl constantly L{ouie} L{ouie}
12%
And the embers never fade in your city by the lake T{onight} T{onight}
12%
She walked up to me and really stole my heart D{octor} D{octor}
8%
I'm going to every discotheque, I'm gonna dance, dance, dance, ooh S{hame} S{hame} S{hame}
8%
Just cause you feel it doesn't mean it's there T{here} T{here}
8%
No matching quizzes found
Score Distribution
Percent of People with Each Score
Percentile by Number Answered
Your Score History
You have not taken this quiz